书目信息 |
| 题名: |
中国现代社会科学家传略
|
|
| 作者: | ;晋阳学刊编辑部 编 | |
| 分册: | 第四辑 | |
| 出版信息: | 太原 山西人民出版社 1983 |
|
| 页数: | 412页 | |
| 开本: | 20cm | |
| 丛书名: | ||
| 单 册: | ||
| 中图分类: | K825 , C092 | |
| 科图分类: | ||
| 主题词: | 社会科学-科学家--列传--中国--现代 , 科学家-社会科学--列传--中国--现代 | |
| 电子资源: | ||
| ISBN: | ||
| 000 | 00737nam0 2200241 45 | |
| 001 | 1574591775 | |
| 005 | 20150129204448.55 | |
| 010 | @dCNY1.80 | |
| 091 | @aCN@b11088.73 | |
| 100 | @a19960215d1983 em y0chiy0121 ea | |
| 101 | 0 | @achi |
| 102 | @aCN@b140000 | |
| 105 | @af z 000yc | |
| 200 | 10 | @a中国现代社会科学家传略@Azhong guo xian dai she hui ke xue jia zhuan lue@h第四辑@f晋阳学刊编辑部编 |
| 210 | @a太原@c山西人民出版社@d1983 | |
| 215 | @a412页@c照片@d20cm | |
| 606 | @a社会科学-科学家@x列传@y中国@z现代 | |
| 606 | @a科学家-社会科学@x列传@y中国@z现代 | |
| 690 | @aK825@v3 | |
| 690 | @aC092@v3 | |
| 711 | 02 | @a晋阳学刊编辑部@Ajin yang xue kan bian ji bu@4编 |
| 801 | 0 | @aCN@bTSSF@c20150129 |
| 905 | @aZUCC@dK825@eJY25:4 | |
| 中国现代社会科学家传略.第四辑/晋阳学刊编辑部编.-太原:山西人民出版社,1983 |
| 412页:照片;20cm |
| ISBN :CNY1.80 |
| ● |
| 相关链接 |
|
|
|
|
正题名:中国现代社会科学家传略
索取号:K825/JY25:4
 
预约/预借
| 序号 | 登录号 | 条形码 | 馆藏地/架位号 | 状态 | 备注 |
| 1 | 7844838 | 278448388 | 学院路分馆/ [索取号:K825/JY25:4] | 在馆 |